000 00884nam a2200241 a 4500
001 000021296
005 20200930011305.0
008 100903s1967 pr a r 000 s spa d
040 _aDO-SdBNP
_bspa
_cBNPHU
082 _aPR861.44
_bF475p
100 1 _aFigueroa de Cifredo, Patria
_944504
245 1 0 _aPachín Marín :
_bhéroe y poeta /
_cPatria Figueroa de Cifredo; prólogo de Cesáreo Rosa-Nieves.
260 _aSan Juan, (Puerto Rico) :
_bInstituto de Cultura Puertorriqueña,
_c1967.
300 _a210 p. ;
_c18 cm.
490 1 _aBiblioteca popular
500 _aIncluye referencias bibliográficas
500 _aIncluye citas al pie de páginas
600 1 4 _aMARÍN, PACHÍN,
_qMARÍN, FRANCISCO GONZALO
_y1863-1897
_944505
650 4 _aPoesía puertorriqueña
_91015
650 4 _aLiteratura puertorriqueña
_9250
830 0 _aBiblioteca popular
_95059
049 _aBNGR
999 _c20796
_d20796